Riconosci la Squadra di calcio - Quiz n°240 - Statistics

Statistiche generali
  • Questo quiz è stato fatto 11 volte
  • Il punteggio medio è 6 su 10
Statistiche sulle risposte
Indizio Risposta % Corretto
Colori sociali Rosso, nero
86%
Titoli nazionali 1 Titolo del Brasile
71%
Confederazione CONMEBOL
71%
Simboli Tornado
71%
Trofei nazionali 1 Coppa del Brasile
57%
Trofei internazionali 2 Coppe sudamericane 1 Coppa Suruga Bank
57%
Divisione nazionale 2023-2024 Prima
57%
Fondazione 1924
43%
Capienza Stadio 40 000 posti
43%
Squadra Athletico Paranaense
29%
Nessun quiz corrispondente trovato
Distribuzione punteggi
Percentuale di utenti per punteggio
Percentile per numero di risposta
I tuoi punteggi nel tempo
Non hai fatto questo quiz